Countries mentioned in my geography class - Statistics

General Stats
  • This quiz has been taken 33 times
  • The average score is 19 of 26
Answer Stats
Country % Correct
China
97%
Russia
97%
Australia
93%
Canada
93%
Italy
93%
United Kingdom
93%
United States
93%
Germany
90%
Japan
90%
Mexico
90%
Spain
90%
South Korea
83%
Poland
76%
Greece
72%
Netherlands
72%
New Zealand
72%
Portugal
72%
Ukraine
72%
Belgium
59%
Cuba
59%
Israel
52%
Taiwan
52%
Philippines
48%
Belarus
41%
Croatia
21%
Bosnia and Herzegovina
14%
No matching quizzes found
Score Distribution
Percent of People with Each Score
Percentile by Number Answered
Your Score History
You have not taken this quiz